| 000 | 00893nam a22002777a 4500 | ||
|---|---|---|---|
| 005 | 20160901162249.0 | ||
| 010 | _aENG-115829 | ||
| 020 |
_a9780821868836 _c115829 |
||
| 035 | _aEN-99361 | ||
| 037 | _bDBAD/PUB | ||
| 082 | _a514.23 | ||
| 100 | _aIyengar,Srikanth B. | ||
| 245 |
_aTwenty-four hours of local cohomology / _cbySrikanth B. Iyengar |
||
| 260 |
_aRhode Island _bAmerican Mathematical Society _c2011 |
||
| 270 |
_a(Universities Press) 3-6-747/1/A&3-6-754/1,Himayat Nagar _bHydrabad _e500029 |
||
| 300 |
_axviii,282p. _c24cm(pbk) |
||
| 490 | _aVol-87 Graduate Studies in Mathematics | ||
| 500 | _aIncludes bibliographical references and index | ||
| 700 | _aLeuschke Graham J. | ||
| 700 | _aLeykin Anto | ||
| 700 | _aMiller Claudis | ||
| 700 | _aMiller,Ezra | ||
| 700 | _aSingh Anurag K. | ||
| 700 | _aWalther Uli | ||
| 942 |
_2ddc _cEN _h514.23 _mIYE |
||
| 999 |
_c102953 _d102953 |
||